Statistics for Top 20 weapon exporting Countries

Click here to take the quiz!

General Stats

  • This quiz has been taken 521 times
  • The average score is 15 of 20

Answer Stats

Hint Country % Correct
29%United States
98%
27%Russia
97%
6%China
97%
7%Germany
95%
4%United Kingdom
95%
5%France
93%
3%Spain
87%
3%Italy
87%
1%Canada
85%
1%Australia
79%
2%Sweden
76%
1%South Korea
73%
3%Ukraine
67%
1%Norway
67%
2%Israel
65%
2%Netherlands
65%
1%Switzerland
55%
1%South Africa
55%
1%Belarus
39%
1%Uzbekistan
11%

Score Distribution

Percentile by Number Answered

Percent of People with Each Score

Your Score History

You have not taken this quiz